000 00637nam a2200241Ia 4500
003 OSt
005 20220926012218.0
006 a|||||r|||| 00| 0
007 ta
008 220923b |||||||| |||| 00| 0 eng d
037 _cGeneral Book
040 _aRTL
_cRTL
_beng
041 _2eng
_aeng
082 _aT4.1.N7g, L6
110 _aUNESCO
245 0 _aWorld guide to higher education
_b Acomparative surv
260 _aNew York
_bBowker U S A
_c1976
300 _axxii,302p
_ccm.
650 _aUniversity Education
700 _aUNESCO
942 _hT4.1.N7g, L6
_cGB
_2CC
999 _c622083
_d622083